Sultan 2. Abdulhamid devri Doğu Anadolu Politikası / (Kayıt no. 10191)

MARC ayrıntıları
000 -BAŞLIK
Sabit Uzunluktaki Kontrol Alanı 01307nam a22002417a 4500
003 - KONTROL NUMARASI KİMLİĞİ
Kontrol Alanı KOHA_MİRAKIL
005 - EN SON İŞLEM TARİHİ ve ZAMANI
Kontrol Alanı 20260408084532.0
008 - SABİT UZUNLUKTAKİ VERİ ÖGELERİ - GENEL BİLGİ
Sabit Alan 260408b tu ||||| |||| 00| 0 tur d
040 ## - KATALOGLAMA KAYNAĞI
Özgün Kataloglama Kurumu TR-AnABB
Kataloglama Dili tur
Çeviri Kurumu TR-AnABB
041 ## - DİL KODU
Metin ya da ses kaydının dil kodu tur
082 ## - DEWEY ONU SINIFLAMA SİSTEMİ
Sınıflama Numarası 956.1018
Cutter numarası KOD 1987
100 1# - KİŞİ ADI
Yazar Adı (Kişi adı) Kodaman, Bayram
245 10 - ESER ADI BİLDİRİMİ
Başlık Sultan 2. Abdulhamid devri Doğu Anadolu Politikası /
Sorumluluk Bildirimi Bayram Kodaman
260 ## - YAYIN, DAĞITIM, VB.
Yayın Yeri Ankara :
Yayınevi Türk Kültürünü Araştırma Enstitüsü;
Yayın Tarihi 1987
300 ## - FİZİKSEL TANIMLAMA
Sayfa, Cilt vb. 155 sayfa ;
Boyutları 24 cm
490 0# - DİZİ BİLDİRİMİ
Dizi Bildirimi Türk Kültürünü Araştırma Enstitüsü Yayınları;
Cilt Numarası 67
500 ## - GENEL NOT
Genel Not Dizin vardır.
504 ## - BİBLİYOGRAFİ NOTU
Bibliyografi Notu Kaynakça vardır.
505 ## - İÇİNDEKİLER NOTU
İçindekiler Notu İçindekiler: Osmanlı devrinde Doğu Anadolu'nun idari durumu - Hamidiye Hafif Süvarı Alayları - 2. Abdulhamid ve Aşiret Mektebi - 2. Abdulhamid'in bir politika uygulaması - 2. Abdulhamid devrinde hakkari sancağında nesturiler ve İngiliz - Rus Emperyalizmi - Ermeni meselesinin doğuş sebepleri - Milli bütünlüğümüz, üç devir-üç politika - Bir Amerikalı gazeteci gözüyle Ermeni Macerası - 2. Abdülhamid Devrinde Ermeni Macerasının çözümü için iki karşı teklif
650 00 - KONU BAŞLIĞI EK GİRİŞ - KONU TERİMİ
Konusal terim veya coğrafi ad Tarih, Osmanlı İmparatorluğu
650 04 - KONU BAŞLIĞI EK GİRİŞ - KONU TERİMİ
Konusal terim veya coğrafi ad Tarih, Osmanlı İmparatorluğu, 2. Abdülhamid Dönemi
942 ## - EK GİRİŞ ÖGELERİ (KOHA)
Sınıflama Kaynağı Dewey Decimal Classification
Materyal Türü Kitap
900 ## - YEREL BİLGİ
Kontrol Can ÇELIK
Mevcut
Geri Çekilme Durumu Kayıp Durumu Sınıflandırma Kaynağı Kredi için değil Kalıcı Konum Mevcut Konum Kayıt Tarih Toplam Ödünçverme Yer Numarası Demirbaş Numarası Son Görülme Tarihi Fatura Tarihi Materyal Türü
    Dewey Decimal Classification   Prof. Dr. Ruşen Keleş Kütüphanesi Prof. Dr. Ruşen Keleş Kütüphanesi 08/04/2026   956.1018 KOD 1987 RK7014 08/04/2026 08/04/2026 Kitap